000 00806nam a22002297a 4500
005 20100806150110.0
010 _aENG-98750
020 _c550.00
035 _aEN-82282
037 _bDBAD/PUB
082 _a355.0310954095491
100 _aKaul, Pyarelal
_97889
245 _aKashmir :
_bwar or peace /
_cby Pyrelal Kaul
260 _aDelhi
_bSuman Publications
_c2009
270 _a370-D, J&K Pocket, Dilshahgarden
_bDelhi
_e110095
300 _a287p.
_c24cm (Hb)
_eb&w photo
650 _aIndia
650 _aIndia
_zJammu & Kashmir
_97890
650 _aInternational relation
_97891
942 _2ddc
_cEN
_h355.0310954095491
_mKAU
999 _c39837
_d39837